Paesi che contengono una lettera - EE+ - Statistics

Statistiche generali
  • Questo quiz è stato fatto 250 volte
  • Il punteggio medio è 17 su 25
Statistiche sulle risposte
Categoria Paese % Corretto
2 x E Repubblica Ceca
86%
2 x E Repubblica del Congo
86%
3 x E Repubblica Democratica del Congo
86%
2 x E Eritrea
85%
3 x E Guinea Equatoriale
80%
2 x E Repubblica Centrafricana
79%
3 x E Seychelles
78%
3 x E Venezuela
76%
2 x E Corea del Nord
72%
2 x E Corea del Sud
72%
2 x E Senegal
69%
2 x E Isole Salomone
67%
3 x E Liechtenstein
67%
2 x E Belize
66%
2 x E Macedonia del Nord
62%
4 x E Saint Vincent e Grenadine
62%
2 x E Yemen
62%
3 x E Sierra Leone
60%
3 x E Stati Federati di Micronesia
60%
3 x E Sao Tome e Principe
59%
3 x E Bosnia ed Erzegovina
55%
2 x E Israele
54%
2 x E Montenegro
49%
2 x E Saint Kitts e Nevis
40%
2 x E Capo Verde
37%
Nessun quiz corrispondente trovato
Distribuzione punteggi
Percentuale di utenti per punteggio
Percentile per numero di risposta
I tuoi punteggi nel tempo
Non hai fatto questo quiz